000
00320nam a22001337a 4500
008
170619b xxu||||| |||| 00| 0 eng d
020
_a
9780156806633
041
_a
eng
080
_a
94(100)
100
_a
18
101
_a
SHP
245
_a
SEARS CROATS THE STRUGGLE IN YUGOSLAVIA
_c
DRAGNICH.N
942
_2
udc
_c
BK
999
_c
18102
_d
18102